Listado de escuela en Moca Levantamiento (Informe Presupuestal) (Record no. 8031)

MARC details
000 -LEADER
campo de control de longitud fija 00475nam a2200133Ia 4500
001 - NÚMERO DE CONTROL
campo de control 3054
008 - DATOS DE LONGITUD FIJA--INFORMACIÓN GENERAL
campo de control de longitud fija 241024s9999 xx 000 0 und d
082 ## - NÚMERO DE LA CLASIFICACIÓN DECIMAL DEWEY
Número de clasificación RD/624.7/R426l/m
100 ## - ENTRADA PRINCIPAL--NOMBRE DE PERSONA
Nombre de persona República Dominicana.Ministerio de Educación.Dirección General de Mantenimiento de infraestructura Escolar (DGMIE)
245 #0 - MENCIÓN DEL TÍTULO
Título Listado de escuela en Moca Levantamiento (Informe Presupuestal)
260 ## - PUBLICACIÓN, DISTRIBUCIÓN, ETC.
Nombre del editor, distribuidor, etc. República Dominicana
Fecha de publicación, distribución, etc. 2013
901 ## - ELEMENTOS DE DATOS A LOCAL LDA (RLIN)
a 23/7/2013 10:57:43 a.m.

No items available.

© 2024. Todos los Derechos Reservados. Desarrollado por IDEICE